Top 15 landen met Covid-19 sterfgevallen - 9 juni - Statistieken

Algemene statistieken
  • Deze quiz is 4 keer genomen
  • De gemiddelde score is 16 van 20
Antwoordstatistieken
land % Correct
België
100%
Brazilië
100%
Canada
100%
Duitsland
100%
Frankrijk
100%
India
100%
Italië
100%
Mexico
100%
Nederland
100%
Rusland
100%
Verenigde Staten
100%
Ierland
75%
Iran
75%
Spanje
75%
Zweden
75%
Peru
50%
Portugal
50%
Verenigd Koninkrijk
50%
Zwitserland
50%
Ecuador
0%
Geen overeenkomende quizzen gevonden
Scoreverdeling
Procent van Mensen met Elke Score
Percentiel versus Aantal Correcte Antwoorden
Uw Scoregeschiedenis
U heeft deze quiz nog niet genomen